| 000 | 00521nam a2200145Ia 4500 | ||
|---|---|---|---|
| 008 | 170221s9999 xx 000 0 und d | ||
| 100 | _aVera Samarina | ||
| 245 | _aSome System Problems of Russian Mining Enterprises of Ferrous Metallurgy | ||
| 245 | _cVera Samarina, Tatiana Skufina, Alexander Samarin, Sergey Baranov | ||
| 260 | _bInternational Review of Management and Marketing | ||
| 260 | _c2016 | ||
| 300 | _a6 : 1S | ||
| 650 | _xMarketing. | ||
| 856 | _uhttp://www.econjournals.com/index.php/irmm/issue/view/70 | ||
| 999 |
_c308479 _d308479 |
||